00426nam a22001337a 450000500170000000800410001704100130005808200130007110000130008424500910009726000480018830000300023665000260026620240718133705.0240718b |||||||| |||| 00| 0 eng d aEnglish  a349 SOU  lEnglish  aSouth African Law Reports : bwith which are amalgamated The All South Africa Reports  aCape Town : bJuta and Company Ltd, c1970  bxii, 731 pages; c26 cm.  aLegal practice bLaw